Founders of Old Testament Criticism (Record no. 339)
[ view plain ]
| 000 -LEADER | |
|---|---|
| fixed length control field | 00600nam a2200241 a 4500 |
| 020 ## - INTERNATIONAL STANDARD BOOK NUMBER | |
| ISBN | |
| 082 00 - DEWEY DECIMAL CLASSIFICATION NUMBER | |
| Classification number | 221.6 |
| Author Cutter | CHE |
| 100 ## - MAIN ENTRY--AUTHOR NAME | |
| Author name | Cheyne, T K |
| 245 ## - TITLE STATEMENT | |
| Title | Founders of Old Testament Criticism |
| 260 ## - PUBLICATION, DISTRIBUTION, ETC. (IMPRINT) | |
| Place of publication | New York |
| Name of publisher | Charles Scribner`s Sons, |
| Year of publication | 1893 |
| 300 ## - PHYSICAL DESCRIPTION | |
| Number of Pages | 327p |
| 500 ## - GENERAL NOTE | |
| General note | includes index and biblioraphy |
| 505 2# - FORMATTED CONTENTS NOTE | |
| Formatted contents note | Illus. |
| 650 ## - SUBJECT ADDED ENTRY--TOPICAL TERM | |
| Topical Term | Bible O.T. Criticism & Interpretati |
| 942 ## - ADDED ENTRY ELEMENTS (KOHA) | |
| Koha item type | Books |
| 700 1# - | |
| -- | Cheyne, T K |
| Home library | Current library | Date acquired | Cost, normal purchase price | Full call number | Accession Number | Koha item type |
|---|---|---|---|---|---|---|
| Henry Martyn Institute Library | Henry Martyn Institute Library | 06/18/2007 | 100.00 | 221.6 CHE | 1727 | Archive Book |
